| 000 | 00434nam a22001697a 4500 | ||
|---|---|---|---|
| 003 | MACL | ||
| 005 | 20160116162734.0 | ||
| 008 | 160116b xxu||||| |||| 00| 0 eng d | ||
| 040 | _cMACL | ||
| 041 | _aEnglish | ||
| 082 | _a821/JAS | ||
| 100 |
_aJash,Pradip _932986 |
||
| 245 | _aJibanananda Das Banalata Sen & Other Selected Poems | ||
| 260 |
_aKolkata _bSandip Nayak on Behalf _c2010 |
||
| 650 |
_aPoetry _932987 |
||
| 942 |
_2ddc _cBK |
||
| 999 |
_c52694 _d52694 |
||